ბათუმის შოთა რუსთაველის სახელმწიფო უნივერსიტეტის ბიბლიოთეკა

რჩეული სამ ტომად. ტ.1 (ბიბ.ჩანაწერი № 42715)

000 -LEADER
fixed length control field 00675nam a2200217Ia 4500
001 - CONTROL NUMBER
control field 9421
003 - CONTROL NUMBER IDENTIFIER
control field GE_BSU
008 - FIXED-LENGTH DATA ELEMENTS--GENERAL INFORMATION
fixed length control field 181216s||||||||xx |||||||||||||| ||und||
040 ## - CATALOGING SOURCE
Transcribing agency GE_BSU
080 ## - UNIVERSAL DECIMAL CLASSIFICATION NUMBER
Universal Decimal Classification number 821.353.1+821.353.1-32
100 ## - MAIN ENTRY--PERSONAL NAME
Personal name მიშველაძე,რევაზ
245 ## - TITLE STATEMENT
Title რჩეული სამ ტომად. ტ.1
245 ## - TITLE STATEMENT
Remainder of title ნოველები
245 ## - TITLE STATEMENT
Statement of responsibility, etc. რედ.ეკა ჩიჩუა,მხატვ.სპ.ცინცაძე
260 ## - PUBLICATION, DISTRIBUTION, ETC.
Place of publication, distribution, etc. თბილისი
260 ## - PUBLICATION, DISTRIBUTION, ETC.
Name of publisher, distributor, etc. მერანი
260 ## - PUBLICATION, DISTRIBUTION, ETC.
Date of publication, distribution, etc. 1991
300 ## - PHYSICAL DESCRIPTION
Extent 655გვ.ფოტო.20სმ.
653 ## - INDEX TERM--UNCONTROLLED
Uncontrolled term ნოველები
942 ## - ADDED ENTRY ELEMENTS (KOHA)
Koha item type წიგნი
ეგზემპლარები
Withdrawn status Lost status Damaged status Not for loan Date acquired Barcode Date last seen Price effective from Koha item type
        2018-12-17 32402 2018-12-17 2018-12-17 წიგნი
        2018-12-17 32403 2018-12-17 2018-12-17 წიგნი
        2018-12-17 32404 2018-12-17 2018-12-17 წიგნი
        2018-12-17 32405 2018-12-17 2018-12-17 წიგნი
        2018-12-17 38344 2018-12-17 2018-12-17 წიგნი